logo

Bir Sreshtho Munshi Abdur Rouf Library
Jhenaidah Cadet College

Fundamentals of college algebra / (Record no. 7027)

MARC details
000 -LEADER
fixed length control field 00721pam a2200265 a 4500
001 - CONTROL NUMBER
JCCL Control Number 7027
003 - CONTROL NUMBER IDENTIFIER
JCCL marc code BD-JhCC
005 - DATE AND TIME OF LATEST TRANSACTION
control field 20220207134017.0
008 - FIXED-LENGTH DATA ELEMENTS--GENERAL INFORMATION
fixed length control field 850920s1986 maua 001 0 eng
020 ## - INTERNATIONAL STANDARD BOOK NUMBER
International Standard Book Number 0871508796
035 ## - SYSTEM CONTROL NUMBER
system control number (BD-JhCC)7027
040 ## - CATALOGING SOURCE
Original cataloging agency DLC
Transcribing agency DLC
Modifying agency DLC
-- (BD-JhCC)
041 ## - LANGUAGE CODE
Language code of Book eng
050 00 - LIBRARY OF CONGRESS CALL NUMBER
Classification number QA154.2
Item number .S96 1986
082 00 - DEWEY DECIMAL CLASSIFICATION NUMBER
Classification number 512.9
DDC Edition number 19
Author mark and Year SWO 1986
100 1# - MAIN ENTRY--PERSONAL NAME
Personal name Swokowski, Earl William,
Dates associated with a name 1926-
245 10 - TITLE STATEMENT
Title Fundamentals of college algebra /
Statement of responsibility, etc Earl W. Swokowski.
250 ## - EDITION STATEMENT
Edition statement 6th ed.
260 ## - PUBLICATION, DISTRIBUTION, ETC. (IMPRINT)
Place of publication, distribution, etc Boston :
Name of publisher, distributor, etc Prindle, Weber & Schmidt,
Date of publication, distribution, etc c1986.
300 ## - PHYSICAL DESCRIPTION
Pagination x, 406, A1-A37 p. :
Other physical details ill. ;
Dimensions 25 cm.
500 ## - GENERAL NOTE
General note Includes index.
650 #0 - SUBJECT ADDED ENTRY--TOPICAL TERM
Topical term or geographic name as entry element Algebra.
942 ## - ADDED ENTRY ELEMENTS (KOHA)
Source of classification or shelving scheme Dewey Decimal Classification
Koha item type Books
Koha issues (borrowed), all copies 1
Holdings
Source of classification or shelving scheme Damaged status Not for loan Home library Current library Shelving location Date of accession Total Checkouts Full call number Barcode Date last seen Date checked out Copy number Koha item type
Dewey Decimal Classification     JCC Rouf Library JCC Rouf Library General Stacks 02/04/2018 1 512.9 SWO 1986 8633 06/02/2022 02/07/2022 C - 1 Books

JCC Library | Contacts | JCC Home

Last Update on 23 September 2017
Copyright @ 2017-2020 JCC Rouf Library
Rouf Library, Jhenidah Cadet College (JCC), Bangladesh